000 00692nam a22002057a 4500
005 20251108165850.0
008 250721s1999 xx 000 0 ara d
082 1 4 _a962.0669/حمز
100 1 _aحمزة، عبد اللطيف
245 1 0 _aالحركة الفكرية في مصر في العصرين الأيوبي و المملوكي الأول /
250 _aط2
264 1 _aالقاهرة :
_bالهئية المصرية العامة للكتاب،
_c1999.
300 _a403ص
650 1 7 _aتاريخ مصر
650 1 7 _aالحركة الفكرية
650 1 7 _aالأيوبيون 1252-1174
650 1 7 _aالمماليك 1571-1250
942 _2ddc
_cBK
999 _c33345
_d33345